[Event "Online Olym Div2 E"]
[Site "Chess.com INT"]
[Date "2021.09.03"]
[Round "5.4"]
[White "Mencos, Claudia"]
[Black "Miranda Llanes, Yerisbel"]
[Result "1/2-1/2"]
[WhiteElo "1977"]
[BlackElo "2259"]
[PlyCount "67"]
[EventDate "2021.09.02"]
[EventType "team (rapid)"]
[EventRounds "9"]
[EventCountry "USA"]
[SourceTitle "CBM 204 Extra"]
[Source "ChessBase"]
[SourceDate "2021.11.30"]
[SourceVersion "1"]
[SourceVersionDate "2021.11.30"]
[SourceQuality "1"]
[WhiteTeam "Guatemala"]
[BlackTeam "Cuba"]
[WhiteTeamCountry "GUA"]
[BlackTeamCountry "CUB"]

1. e4 e5 2. Nf3 Nc6 3. Nc3 Nf6 4. Bb5 Bd6 5. Bxc6 dxc6 6. d4 Bg4 7. dxe5 Bxf3 8. Qxf3 Bxe5 9. 0-0 0-0 10. Bg5 Qe7 11. Rae1 Qe6 12. Bf4 Rfe8 13. Bxe5 Qxe5 14. Qg3 Qxg3 15. hxg3 Rad8 16. f3 Nd7 17. Rd1 Ne5 18. Rxd8 Rxd8 19. Rd1 Rd6 20. Rxd6 cxd6 21. g4 f6 22. Kf2 Nc4 23. Nd1 Kf7 24. b3 Ne5 25. c4 Ke6 26. Ke3 g6 27. Nc3 Ke7 28. Ne2 Nd7 29. Kd4 Nc5 30. Nc3 Ne6+ 31. Ke3 Nc5 32. Kd4 Ne6+ 33. Ke3 Nc5 34. Kd4 1/2-1/2

[Event "Online Olym Div2 E"]
[Site "Chess.com INT"]
[Date "2021.09.03"]
[Round "6.3"]
[White "Perez Rodriguez, Jennifer"]
[Black "Mencos, Claudia"]
[Result "1-0"]
[WhiteElo "2251"]
[BlackElo "1977"]
[PlyCount "75"]
[EventDate "2021.09.02"]
[EventType "team (rapid)"]
[EventRounds "9"]
[EventCountry "USA"]
[SourceTitle "CBM 204 Extra"]
[Source "ChessBase"]
[SourceDate "2021.11.30"]
[SourceVersion "1"]
[SourceVersionDate "2021.11.30"]
[SourceQuality "1"]
[WhiteTeam "Paraguay"]
[BlackTeam "Guatemala"]
[WhiteTeamCountry "PAR"]
[BlackTeamCountry "GUA"]

1. e4 c5 2. c3 Nf6 3. e5 Nd5 4. d4 e6 5. Nf3 Nc6 6. Bd3 d6 7. a3 Be7 8. 0-0 Nb6 9. dxc5 dxc5 10. Qe2 Qc7 11. Bf4 Bd7 12. Nbd2 a6 13. Rad1 Nd5 14. Bg3 b5 15. c4 bxc4 16. Bxc4 Nb6 17. Bxa6 Rxa6 18. Qxa6 0-0 19. Qe2 Na5 20. Bh4 Bxh4 21. Nxh4 Nd5 22. f4 Qb6 23. Ne4 Bb5 24. Qf2 Bxf1 25. Rxf1 c4 26. Qxb6 Nxb6 27. Nf3 Nd5 28. g3 Rb8 29. Rf2 Kf8 30. Rc2 Ne3 31. Rd2 Nd5 32. Nd4 h6 33. Ne2 Nb3 34. Rc2 Na5 35. N2c3 Rb3 36. Rd2 Nxc3 37. Nxc3 Rb5 38. Nxb5 1-0

[Event "Caissa Guatemala Online"]
[Site "Chess.com INT"]
[Date "2021.01.23"]
[Round "1"]
[White "Mencos, Claudia"]
[Black "Dubon M, Carlos G"]
[Result "1-0"]
[WhiteElo "1977"]
[BlackElo "1505"]
[PlyCount "27"]
[EventDate "2021.01.23"]
[EventType "swiss (blitz)"]
[EventRounds "7"]
[EventCountry "GUA"]
[SourceTitle "CBM 200 Extra"]
[Source "ChessBase"]
[SourceDate "2021.03.31"]
[SourceVersion "1"]
[SourceVersionDate "2021.03.31"]
[SourceQuality "1"]

1. e4 e5 2. Nf3 Nc6 3. Nc3 Bc5 4. Nxe5 Bxf2+ 5. Kxf2 Nxe5 6. Be2 Nf6 7. Rf1 b6 8. d4 Ng6 9. Kg1 h6 10. e5 Nh7 11. Bc4 Rf8 12. Qf3 d5 13. Bxd5 Rb8 14. Bxf7+ 1-0

[Event "Caissa Guatemala Online"]
[Site "Chess.com INT"]
[Date "2021.01.23"]
[Round "4"]
[White "Zaragatski, Ilja"]
[Black "Mencos, Claudia"]
[Result "1-0"]
[WhiteElo "2522"]
[BlackElo "1977"]
[PlyCount "57"]
[EventDate "2021.01.23"]
[EventType "swiss (blitz)"]
[EventRounds "7"]
[EventCountry "GUA"]
[SourceTitle "CBM 200 Extra"]
[Source "ChessBase"]
[SourceDate "2021.03.31"]
[SourceVersion "1"]
[SourceVersionDate "2021.03.31"]
[SourceQuality "1"]

1. Nf3 Nf6 2. g3 d5 3. Bg2 Bf5 4. c4 c6 5. Qb3 Qb6 6. cxd5 Qxb3 7. axb3 Nxd5 8. 0-0 Nd7 9. d3 Nb4 10. Na3 e5 11. Nc4 f6 12. Bd2 Be7 13. Rfc1 0-0 14. Na5 Rab8 15. Ra4 c5 16. Nh4 Be6 17. Bxb7 Bxb3 18. Nxb3 Rxb7 19. Na5 Rb5 20. Bxb4 cxb4 21. Rc7 Nb6 22. Ra1 Bd8 23. Rxa7 f5 24. Nc6 Bxh4 25. gxh4 Nc8 26. Rc7 Nd6 27. Raa7 Nf7 28. Ne7+ Kh8 29. Nxf5 1-0

[Event "Online Olym Div2 D"]
[Site "Chess.com INT"]
[Date "2020.08.15"]
[Round "4.3"]
[White "Machlik, Monika"]
[Black "Mencos, Claudia"]
[Result "1-0"]
[WhiteElo "2106"]
[BlackElo "1977"]
[PlyCount "67"]
[EventDate "2020.08.14"]
[EventType "team-tourn (rapid)"]
[EventRounds "9"]
[EventCountry "USA"]
[SourceTitle "CBM 198"]
[Source "ChessBase"]
[SourceDate "2020.10.31"]
[SourceVersion "1"]
[SourceVersionDate "2020.10.31"]
[SourceQuality "1"]
[WhiteTeam "Norway"]
[BlackTeam "Guatemala"]
[WhiteTeamCountry "NOR"]
[BlackTeamCountry "GUA"]

1. d4 d5 2. c4 c6 3. Nf3 Nf6 4. e3 Bf5 5. Nc3 e6 6. Nh4 Bg6 7. Qb3 Qb6 8. Nxg6 hxg6 9. Be2 Nbd7 10. Bd2 Be7 11. Rc1 Ne4 12. Nxe4 dxe4 13. Qc2 Nf6 14. a3 Qc7 15. h3 c5 16. dxc5 Qxc5 17. b4 Qc7 18. Bc3 0-0 19. h4 a5 20. Qb3 axb4 21. axb4 Nh7 22. h5 g5 23. h6 Bf6 24. hxg7 Kxg7 25. Rxh7+ Kxh7 26. Bxf6 Kg6 27. Qc3 Qh2 28. Be7 Qh1+ 29. Bf1 Rfe8 30. Qf6+ Kh7 31. Qxf7+ Kh6 32. Qxe6+ Kg7 33. Qf6+ Kh7 34. Qf5+ 1-0

[Event "Online Olym Div2 D"]
[Site "Chess.com INT"]
[Date "2020.08.15"]
[Round "5.3"]
[White "Mencos, Claudia"]
[Black "Kanyamarala, Trisha"]
[Result "0-1"]
[WhiteElo "1977"]
[BlackElo "2223"]
[PlyCount "106"]
[EventDate "2020.08.14"]
[EventType "team-tourn (rapid)"]
[EventRounds "9"]
[EventCountry "USA"]
[SourceTitle "CBM 198"]
[Source "ChessBase"]
[SourceDate "2020.10.31"]
[SourceVersion "1"]
[SourceVersionDate "2020.10.31"]
[SourceQuality "1"]
[WhiteTeam "Guatemala"]
[BlackTeam "Ireland"]
[WhiteTeamCountry "GUA"]
[BlackTeamCountry "IRL"]

1. e4 c5 2. Nf3 d6 3. d4 cxd4 4. Nxd4 Nf6 5. Nc3 Nc6 6. Be2 e5 7. Nb3 Be7 8. 0-0 0-0 9. f4 a6 10. a4 b6 11. Be3 Bb7 12. Bf3 Nb4 13. a5 Nd7 14. Kh1 b5 15. Qd2 Nc5 16. Ne2 Nc6 17. Ng3 exf4 18. Bxf4 Ne6 19. Be3 Ne5 20. Bb6 Qd7 21. Nf5 Nc4 22. Nxe7+ Qxe7 23. Qb4 Ng5 24. Nd2 Nxd2 25. Qxd2 Nxe4 26. Qd4 Qh4 27. Bxe4 Qxe4 28. Qxe4 Bxe4 29. c3 Rfe8 30. Kg1 d5 31. Rad1 Rac8 32. Rfe1 h6 33. Kf2 Re6 34. Re3 Rf6+ 35. Kg1 Rg6 36. g3 Rc4 37. b4 f5 38. Rf1 Rcc6 39. Bd4 Rc8 40. Rf4 Rgc6 41. h3 g5 42. Rf2 Re6 43. Kh2 Rce8 44. Rfe2 f4 45. gxf4 gxf4 46. Rg2+ Bxg2 47. Rxe6 Rxe6 48. Kxg2 Kf7 49. Kf3 Re4 50. h4 Kg6 51. Bh8 Kf5 52. Bd4 Rxd4 53. cxd4 h5 0-1

[Event "Olympiad Women-43"]
[Site "Batumi"]
[Date "2018.09.24"]
[Round "1.7"]
[White "Mencos, Claudia"]
[Black "Kulon, Klaudia"]
[Result "0-1"]
[WhiteElo "1996"]
[BlackElo "2347"]
[PlyCount "76"]
[EventDate "2018.09.24"]
[EventType "team-swiss"]
[EventRounds "11"]
[EventCountry "GEO"]
[SourceTitle "EXT 2020"]
[Source "ChessBase"]
[SourceDate "2019.10.17"]
[SourceVersion "1"]
[SourceVersionDate "2019.10.17"]
[SourceQuality "1"]
[WhiteTeam "Guatemala (W)"]
[BlackTeam "Poland (W)"]
[WhiteTeamCountry "GUA"]
[BlackTeamCountry "POL"]

1. e4 c5 2. Nf3 d6 3. d4 cxd4 4. Nxd4 Nf6 5. Nc3 Nc6 6. Be2 e5 7. Nb3 Be7 8. 0-0 0-0 9. f4 a5 10. Be3 a4 11. Nc1 exf4 12. Rxf4 Ne5 13. Kh1 Bd7 14. Nd3 Bc6 15. Nb4 Ng6 16. Nxc6 bxc6 17. Rf5 Qd7 18. Rf1 Qe6 19. Qd4 a3 20. b3 Ne5 21. Rad1 Rfd8 22. Bf4 Rac8 23. Ba6 Rb8 24. Be2 Ne8 25. Nb1 Ra8 26. c4 Ng6 27. Bc1 d5 28. cxd5 cxd5 29. Bf3 Qc8 30. exd5 Qc2 31. Be4 Qxa2 32. d6 Rxd6 33. Qc4 Rxd1 34. Qxf7+ Kh8 35. Rxd1 Nd6 36. Bxg6 Nxf7 37. Nxa3 Bxa3 38. Bxa3 hxg6 0-1

[Event "Olympiad Women-41"]
[Site "Tromsoe"]
[Date "2014.08.09"]
[Round "7.2"]
[White "Newrkla, Katharina"]
[Black "Mencos, Claudia"]
[Result "1-0"]
[WhiteElo "2135"]
[BlackElo "2017"]
[PlyCount "109"]
[EventDate "2014.08.02"]
[EventType "team-swiss"]
[EventRounds "11"]
[EventCountry "NOR"]
[SourceTitle "CBM 162"]
[Source "ChessBase"]
[SourceDate "2014.09.17"]
[SourceVersion "1"]
[SourceVersionDate "2014.09.17"]
[SourceQuality "1"]
[WhiteTeam "Austria (W)"]
[BlackTeam "Guatemala (W)"]
[WhiteTeamCountry "AUT"]
[BlackTeamCountry "GUA"]

1. e4 c5 2. Nf3 e6 3. d4 cxd4 4. Nxd4 a6 5. Nc3 Qc7 6. Bd3 Nf6 7. f4 d6 8. Qf3 Nbd7 9. g4 h6 10. h4 e5 11. Nf5 exf4 12. Bxf4 Ne5 13. Bxe5 dxe5 14. 0-0-0 Be6 15. Nd5 Nxd5 16. exd5 Bxf5 17. Qxf5 Bd6 18. g5 Qd7 19. Qf3 Qe7 20. g6 f6 21. Bf5 0-0 22. Be6+ Kh8 23. Qe4 b5 24. Rh3 b4 25. Rf3 Ra7 26. Rf5 Qc7 27. Rdf1 Qc5 28. R1f2 Qd4 29. Qxd4 exd4 30. Re2 Rc7 31. Kd2 Rd8 32. Kd3 Be5 33. Rfxe5 fxe5 34. Rxe5 Rc5 35. Rf5 Rc7 36. Rf7 Rc5 37. Rf2 Ra5 38. Kxd4 Rxa2 39. b3 Ra5 40. Rf7 Ra2 41. Kd3 Ra5 42. Kc4 Rb5 43. Ra7 Rb6 44. Kc5 Rb5+ 45. Kc6 Rdb8 46. Rc7 R5b6+ 47. Kd7 a5 48. Ke7 a4 49. bxa4 b3 50. cxb3 Rxb3 51. d6 h5 52. d7 R3b7 53. Rxb7 Rxb7 54. Bh3 Kg8 55. Ke8 1-0

[Event "Olympiad Women-41"]
[Site "Tromsoe"]
[Date "2014.08.08"]
[Round "6.2"]
[White "Mencos, Claudia"]
[Black "Hoshino, Karen M"]
[Result "1-0"]
[WhiteElo "2017"]
[BlackElo "1738"]
[PlyCount "159"]
[EventDate "2014.08.02"]
[EventType "team-swiss"]
[EventRounds "11"]
[EventCountry "NOR"]
[SourceTitle "CBM 162"]
[Source "ChessBase"]
[SourceDate "2014.09.17"]
[SourceVersion "1"]
[SourceVersionDate "2014.09.17"]
[SourceQuality "1"]
[WhiteTeam "Guatemala (W)"]
[BlackTeam "Japan (W)"]
[WhiteTeamCountry "GUA"]
[BlackTeamCountry "JPN"]

1. e4 c5 2. Nf3 d6 3. d4 cxd4 4. Nxd4 Nf6 5. Nc3 a6 6. Be2 e5 7. Nb3 Be7 8. 0-0 0-0 9. f4 b5 10. Bf3 Bb7 11. a3 Nbd7 12. Qe1 exf4 13. Bxf4 Ne5 14. Kh1 Re8 15. Nd2 Qc7 16. Be2 Rad8 17. Qg3 Ng6 18. Bg5 Nd7 19. Be3 Nde5 20. Qf2 Rc8 21. Rad1 Bh4 22. Qg1 Be7 23. Nb3 Ba8 24. Nd4 Bf8 25. Nf5 Nc4 26. Bxc4 Qxc4 27. Rd4 Qc7 28. Rfd1 Ne5 29. Nxd6 Bxd6 30. Rxd6 Nc4 31. Rd7 Qc6 32. Bc1 Qg6 33. Qf2 Bxe4 34. Nxe4 Rxe4 35. b3 Na5 36. R7d6 Qh5 37. Qb6 Rce8 38. Be3 Nxb3 39. cxb3 Qe2 40. Bg1 h6 41. Rd8 Rxd8 42. Rxd8+ Kh7 43. Qxa6 Qf1 44. Rd2 Re1 45. Qb6 Ra1 46. Qf2 Qb1 47. Rb2 Qd1 48. Qc2+ Qxc2 49. Rxc2 Rxa3 50. Rc3 Kg6 51. h3 Ra8 52. Rc6+ Kf5 53. Rc5+ Ke6 54. Rxb5 Ra1 55. Kh2 g6 56. b4 Rb1 57. Bc5 h5 58. Rb6+ Kd7 59. Rf6 Ke8 60. Kg3 g5 61. Rf5 Rb3+ 62. Kf2 g4 63. Rxh5 gxh3 64. Rxh3 Rb2+ 65. Kf3 Kd7 66. Rh6 Rb1 67. Rd6+ Ke8 68. Rd2 f6 69. Ke4 Kf7 70. Kd5 f5 71. Kc6 Rh1 72. b5 Rh6+ 73. Kc7 f4 74. b6 Rh5 75. Rc2 Ke6 76. b7 Rh7+ 77. Kb6 Rh8 78. Ka7 Rh7 79. Ka8 Rh8+ 80. b8Q 1-0

[Event "Olympiad Women-41"]
[Site "Tromsoe"]
[Date "2014.08.05"]
[Round "4.2"]
[White "Meyer, Marany"]
[Black "Mencos, Claudia"]
[Result "1/2-1/2"]
[WhiteElo "2064"]
[BlackElo "2017"]
[PlyCount "89"]
[EventDate "2014.08.02"]
[EventType "team-swiss"]
[EventRounds "11"]
[EventCountry "NOR"]
[SourceTitle "CBM 162"]
[Source "ChessBase"]
[SourceDate "2014.09.17"]
[SourceVersion "1"]
[SourceVersionDate "2014.09.17"]
[SourceQuality "1"]
[WhiteTeam "New Zealand (W)"]
[BlackTeam "Guatemala (W)"]
[WhiteTeamCountry "NZL"]
[BlackTeamCountry "GUA"]

1. e4 c5 2. Nc3 e6 3. Nge2 a6 4. g3 b5 5. a3 Bb7 6. Bg2 Nf6 7. d3 Qc7 8. 0-0 d6 9. h3 Be7 10. Nf4 0-0 11. Nh5 Nxh5 12. Qxh5 Nc6 13. f4 Nd4 14. Qd1 Rac8 15. Ne2 Bf6 16. c3 Nxe2+ 17. Qxe2 a5 18. Be3 Qb8 19. Rfd1 Rc7 20. d4 Qa8 21. dxc5 dxc5 22. Qxb5 Bxe4 23. Bxe4 Qxe4 24. Re1 Rb7 25. Qe2 Rfb8 26. Bxc5 Qxe2 27. Rxe2 Rxb2 28. Rxb2 Rxb2 29. Rc1 h5 30. c4 Rb3 31. Kg2 h4 32. gxh4 Bxh4 33. Bd6 Rg3+ 34. Kh2 Rd3 35. c5 Rd2+ 36. Kh1 Bf6 37. c6 Bd8 38. c7 Bxc7 39. Bxc7 Rd3 40. Bxa5 Rxh3+ 41. Kg2 Rxa3 42. Bc3 f6 43. Kf3 Kf7 44. Kg4 Rb3 45. Bd4 1/2-1/2

[Event "Olympiad Women-40"]
[Site "Istanbul"]
[Date "2012.09.01"]
[Round "5.3"]
[White "Masiyazi, Rhoda"]
[Black "Mencos, Claudia"]
[Result "0-1"]
[WhiteElo "2005"]
[BlackElo "2035"]
[PlyCount "132"]
[EventDate "2012.08.28"]
[EventType "team-swiss"]
[EventRounds "11"]
[EventCountry "TUR"]
[SourceTitle "CBM 150 Extra"]
[Source "ChessBase"]
[SourceDate "2012.10.19"]
[SourceVersion "1"]
[SourceVersionDate "2012.10.19"]
[SourceQuality "1"]
[WhiteTeam "Zimbabwe (W)"]
[BlackTeam "Guatemala (W)"]
[WhiteTeamCountry "ZIM"]
[BlackTeamCountry "GUA"]

1. e4 c5 2. Nf3 e6 3. d4 cxd4 4. Nxd4 a6 5. Bd3 Bc5 6. Be3 Qb6 7. Nb3 Bxe3 8. fxe3 Qxe3+ 9. Qe2 Qxe2+ 10. Bxe2 Nc6 11. c3 Nf6 12. N1d2 0-0 13. g4 d6 14. g5 Ne8 15. h4 Ne5 16. 0-0-0 b6 17. h5 Bb7 18. Rh4 Rc8 19. Kb1 b5 20. a3 d5 21. Nd4 Nd6 22. exd5 Bxd5 23. N4f3 Nf5 24. Rf4 Nxf3 25. Nxf3 Ng3 26. Ng1 Rcd8 27. Bg4 e5 28. Rf2 Ne4 29. Rf5 Be6 30. Rxd8 Rxd8 31. Nf3 Ng3 32. Rxe5 Bxg4 33. Nd4 Bxh5 34. Kc2 Bg6+ 35. Kb3 Nh5 36. Kb4 Nf4 37. Ka5 Nd3 38. Re7 Ra8 39. Re2 Kf8 40. Nc6 Nf4 41. Rd2 Ne6 42. Nb4 Be4 43. Rd7 Nc5 44. Rc7 Nb3+ 45. Kb6 Nd2 46. Nxa6 Nc4+ 47. Kxb5 Nxb2 48. Nc5 Bc2 49. Kb4 Rb8+ 50. Ka5 Nc4+ 51. Ka6 Ra8+ 52. Kb7 Rxa3 53. Nd7+ Ke8 54. Rxc4 Kxd7 55. Rc7+ Ke6 56. c4 Be4+ 57. Kb6 Rg3 58. Rc5 Rb3+ 59. Ka5 Kd6 60. Rc8 Rg3 61. Kb6 Rxg5 62. c5+ Ke7 63. Rc7+ Kf6 64. Rd7 Re5 65. Rd2 Re6+ 66. Kb5 g5 0-1

[Event "Olympiad Women-40"]
[Site "Istanbul"]
[Date "2012.08.28"]
[Round "1.3"]
[White "Khurtsidze, Nino"]
[Black "Mencos, Claudia"]
[Result "1-0"]
[WhiteElo "2444"]
[BlackElo "2035"]
[PlyCount "145"]
[EventDate "2012.08.28"]
[EventType "team-swiss"]
[EventRounds "11"]
[EventCountry "TUR"]
[SourceTitle "CBM 150 Extra"]
[Source "ChessBase"]
[SourceDate "2012.10.19"]
[SourceVersion "1"]
[SourceVersionDate "2012.10.19"]
[SourceQuality "1"]
[WhiteTeam "Georgia (W)"]
[BlackTeam "Guatemala (W)"]
[WhiteTeamCountry "GEO"]
[BlackTeamCountry "GUA"]

1. Nf3 Nf6 2. c4 c5 3. e3 d5 4. cxd5 Nxd5 5. a3 Nc6 6. Qc2 e6 7. b3 Be7 8. Bb2 0-0 9. Be2 a6 10. 0-0 Qd6 11. d3 b6 12. Nbd2 Bb7 13. Rac1 Rac8 14. Nc4 Qd8 15. Rfd1 b5 16. Ncd2 Nb8 17. Qb1 Bf6 18. d4 cxd4 19. Nxd4 Qb6 20. Ne4 Be7 21. b4 Nd7 22. Nb3 Rxc1 23. Rxc1 Rc8 24. Rd1 N5f6 25. Ng5 Nf8 26. Bd4 Qc6 27. Bf3 Qc7 28. Rc1 Qb8 29. Na5 Bxf3 30. Nxf3 Qa8 31. Ne5 N8d7 32. Nec6 Bf8 33. e4 e5 34. Bb2 Re8 35. f3 Nh5 36. Qa1 Nhf6 37. Nxe5 Nxe5 38. Bxe5 Nd7 39. Bd4 Qb8 40. Rc6 Ne5 41. Bxe5 Rxe5 42. Rxa6 Rh5 43. g3 Qd8 44. Qb2 Qd1+ 45. Kg2 Qd7 46. Qc2 Qh3+ 47. Kg1 Qd7 48. Nb3 Re5 49. Kg2 Rh5 50. Ra8 Qh3+ 51. Kg1 Qd7 52. Nd2 Qd4+ 53. Kg2 Qd7 54. Nf1 Qh3+ 55. Kg1 Qd7 56. Qd2 Qc7 57. Qd8 Qxd8 58. Rxd8 Rh6 59. Ne3 Ra6 60. Nc2 Rc6 61. Nd4 Rc3 62. Nxb5 Rxf3 63. Rc8 Re3 64. Nc3 g6 65. Kf2 Rd3 66. Ke2 Rd7 67. a4 Kg7 68. b5 Bb4 69. Nd5 Ba5 70. b6 Rb7 71. Rc5 Bxb6 72. Rb5 Ra7 73. Nxb6 1-0

[Event "La Ceja zt (Women) 2.3"]
[Site "La Ceja"]
[Date "2011.10.13"]
[Round "5"]
[White "Mencos, Claudia"]
[Black "Romero Echeverria, Abigail"]
[Result "0-1"]
[WhiteElo "2048"]
[BlackElo "2134"]
[PlyCount "80"]
[EventDate "2011.10.11"]
[EventType "swiss"]
[EventRounds "9"]
[EventCountry "COL"]
[SourceTitle "CBM 144 Extra"]
[Source "ChessBase"]
[SourceDate "2011.10.28"]
[SourceVersion "1"]
[SourceVersionDate "2011.10.28"]
[SourceQuality "1"]

1. e4 c5 2. Nf3 e6 3. d4 cxd4 4. Nxd4 a6 5. Bd3 g6 6. c4 Bg7 7. Nc2 Nf6 8. 0-0 d6 9. Nc3 0-0 10. Be3 Bd7 11. f3 Bc6 12. Nb4 Qc7 13. Rc1 Bd7 14. Nc2 Nc6 15. Na3 Ne5 16. Be2 Bc8 17. Qd2 b6 18. Rfd1 Ne8 19. f4 Nd7 20. b4 Qb8 21. Bf3 Ra7 22. Qf2 Rc7 23. Na4 b5 24. Nb6 Nxb6 25. Bxb6 Rb7 26. c5 e5 27. f5 Nf6 28. Rxd6 gxf5 29. exf5 e4 30. Bd1 Re8 31. Bc2 e3 32. Qg3 Rd7 33. Ba5 Rxd6 34. cxd6 Qa7 35. Re1 Qd4 36. Nb1 e2+ 37. Kh1 Ng4 38. Bb6 Qxb6 39. Qxg4 Qf2 40. Qg3 Qf1+ 0-1

[Event "Pan American-ch U20 Girls"]
[Site "Duran"]
[Date "2011.06.08"]
[Round "6"]
[White "Castrillon Gomez, Melissa"]
[Black "Mencos, Claudia"]
[Result "1/2-1/2"]
[WhiteElo "2082"]
[BlackElo "1972"]
[PlyCount "106"]
[EventDate "2011.06.05"]
[EventType "swiss"]
[EventRounds "9"]
[EventCountry "ECU"]
[SourceTitle "EXT 2013"]
[Source "ChessBase"]
[SourceDate "2012.11.22"]
[SourceVersion "1"]
[SourceVersionDate "2012.11.22"]
[SourceQuality "1"]

1. e4 c5 2. Nf3 e6 3. d4 cxd4 4. Nxd4 a6 5. Nc3 Qc7 6. Bd3 Nc6 7. Be3 Nf6 8. 0-0 Ne5 9. h3 d6 10. f4 Nc4 11. Bxc4 Qxc4 12. Qd3 b5 13. a4 Qxd3 14. cxd3 b4 15. Na2 d5 16. e5 Nd7 17. a5 Bc5 18. Bf2 0-0 19. Nc6 b3 20. Nc1 Bb7 21. Bxc5 Nxc5 22. Nd4 Rfc8 23. Ndxb3 Nd7 24. Nd4 Rab8 25. Ncb3 f6 26. exf6 Nxf6 27. Nxe6 Bc6 28. Ned4 Bb5 29. Rfd1 h5 30. Kf2 Bd7 31. Rac1 Re8 32. Re1 Rxe1 33. Kxe1 Ba4 34. Nc5 Rb4 35. Ne2 Bb5 36. b3 h4 37. Kd2 d4 38. Kc2 Nd5 39. Kb2 Be8 40. Nxa6 Rb5 41. Rc5 Nb4 42. Rxb5 Nxd3+ 43. Ka3 Bxb5 44. Nc7 Bc6 45. Nxd4 Bxg2 46. Nce6 Bxh3 47. a6 Bg2 48. Ng5 Nxf4 49. a7 h3 50. Nxh3 Nxh3 51. b4 Nf4 52. b5 Nd3 53. b6 g5 1/2-1/2

[Event "Pan American-ch U20 Girls"]
[Site "Duran"]
[Date "2011.06.07"]
[Round "4"]
[White "Aliaga Fernandez, Ingrid Yadira"]
[Black "Mencos, Claudia"]
[Result "1/2-1/2"]
[WhiteElo "2157"]
[BlackElo "1972"]
[PlyCount "79"]
[EventDate "2011.06.05"]
[EventType "swiss"]
[EventRounds "9"]
[EventCountry "ECU"]
[SourceTitle "EXT 2013"]
[Source "ChessBase"]
[SourceDate "2012.11.22"]
[SourceVersion "1"]
[SourceVersionDate "2012.11.22"]
[SourceQuality "1"]

1. e4 c5 2. Nf3 e6 3. c4 a6 4. Nc3 Qc7 5. Be2 d6 6. d4 cxd4 7. Nxd4 Nf6 8. 0-0 b6 9. Be3 Bb7 10. f3 Nbd7 11. Rc1 Be7 12. Qd2 Rc8 13. Rfd1 Qb8 14. Kh1 0-0 15. b3 Rfe8 16. Bf1 Bd8 17. g4 h6 18. g5 hxg5 19. Bxg5 Nf8 20. Bg2 N8h7 21. Be3 d5 22. exd5 exd5 23. Bh3 dxc4 24. Bxc8 Qxc8 25. Rg1 Ng4 26. Rce1 Rxe3 27. Rxe3 Bg5 28. Nd1 Nxe3 29. Nxe3 Qe8 30. Re1 cxb3 31. axb3 Bh4 32. Re2 Qa8 33. Kg1 Bxf3 34. Nxf3 Qxf3 35. Ng2 Ng5 36. Re8+ Kh7 37. Qe2 Nh3+ 38. Kh1 Nf2+ 39. Kg1 Nh3+ 40. Kh1 1/2-1/2

[Event "Pan American-ch U20 Girls"]
[Site "Duran"]
[Date "2011.06.06"]
[Round "3"]
[White "Mencos, Claudia"]
[Black "Cordero, Daniela"]
[Result "1/2-1/2"]
[WhiteElo "1972"]
[BlackElo "2058"]
[PlyCount "57"]
[EventDate "2011.06.05"]
[EventType "swiss"]
[EventRounds "9"]
[EventCountry "ECU"]
[SourceTitle "EXT 2013"]
[Source "ChessBase"]
[SourceDate "2012.11.22"]
[SourceVersion "1"]
[SourceVersionDate "2012.11.22"]
[SourceQuality "1"]

1. e4 e6 2. d4 d5 3. Nd2 c5 4. exd5 exd5 5. Ngf3 Nf6 6. Bb5+ Bd7 7. Be2 Nc6 8. 0-0 c4 9. b3 b5 10. a4 a6 11. Ne5 Be7 12. Nxd7 Nxd7 13. Nf3 0-0 14. Bf4 Nf6 15. Ne5 Nxe5 16. dxe5 Ne4 17. Bf3 f5 18. bxc4 bxc4 19. Be3 Qa5 20. Bxe4 fxe4 21. Bd4 Bc5 22. c3 Rab8 23. Qd2 Rb3 24. Rad1 Rd8 25. e6 Bxd4 26. Qxd4 Re8 27. Qe5 Qxc3 28. Qxd5 Qf6 29. Qxc4 1/2-1/2

[Event "Capablanca Memorial op-B 45th"]
[Site "Havana"]
[Date "2011.05.13"]
[Round "3"]
[White "Vargas Rodriguez, Wilver"]
[Black "Mencos, Claudia"]
[Result "1/2-1/2"]
[WhiteElo "2133"]
[BlackElo "1972"]
[PlyCount "76"]
[EventDate "2011.05.11"]
[EventType "swiss"]
[EventRounds "7"]
[EventCountry "CUB"]
[SourceTitle "CBM 142 Extra"]
[Source "ChessBase"]
[SourceDate "2011.06.27"]
[SourceVersion "1"]
[SourceVersionDate "2011.06.27"]
[SourceQuality "1"]

1. e4 c5 2. Nc3 e6 3. g3 a6 4. Bg2 Nc6 5. Nge2 Nf6 6. d3 Be7 7. 0-0 d6 8. a4 0-0 9. f4 d5 10. Kh1 Rb8 11. b3 b5 12. axb5 axb5 13. e5 Nd7 14. Bb2 Qc7 15. Re1 b4 16. Nb1 f5 17. Nd2 Bb7 18. Nf3 h6 19. Qd2 Ra8 20. h3 d4 21. g4 g6 22. gxf5 gxf5 23. Rg1 Rxa1 24. Bxa1 Kh7 25. Ng3 Rg8 26. Kh2 Qd8 27. Bb2 Nb6 28. Bc1 Nd5 29. Qe2 Nb8 30. Bd2 Nd7 31. Ne1 Qe8 32. Bf3 Bh4 33. Nf1 Rxg1 34. Kxg1 Bxe1 35. Qxe1 Qg8+ 36. Kh2 Qe8 37. Qg3 N7b6 38. Bd1 Nc8 1/2-1/2

[Event "Capablanca Memorial op-B 45th"]
[Site "Havana"]
[Date "2011.05.12"]
[Round "2"]
[White "Mencos, Claudia"]
[Black "Oliva Castaneda, Kevel"]
[Result "0-1"]
[WhiteElo "1972"]
[BlackElo "2265"]
[PlyCount "100"]
[EventDate "2011.05.11"]
[EventType "swiss"]
[EventRounds "7"]
[EventCountry "CUB"]
[SourceTitle "CBM 142 Extra"]
[Source "ChessBase"]
[SourceDate "2011.06.27"]
[SourceVersion "1"]
[SourceVersionDate "2011.06.27"]
[SourceQuality "1"]

1. e4 c5 2. Nf3 e6 3. d4 cxd4 4. Nxd4 Nc6 5. Nb5 d6 6. Bf4 e5 7. Be3 Nf6 8. Bg5 a6 9. N5c3 Be6 10. Nd2 Rc8 11. Be2 Nd4 12. Bd3 Be7 13. Bxf6 Bxf6 14. 0-0 g6 15. Nd5 Bg7 16. c3 Nc6 17. Nb3 Bxd5 18. exd5 Ne7 19. Be2 0-0 20. Kh1 Kh8 21. Qd3 f5 22. f3 Ng8 23. Rad1 Qh4 24. Qe3 Bh6 25. Qf2 Qe7 26. Qb6 Nf6 27. Na5 Rc7 28. Rfe1 Nh5 29. Qf2 Qg7 30. Nc4 Rd7 31. Nb6 Rdd8 32. Nc4 Bg5 33. g3 Qh6 34. Bf1 b5 35. Na5 f4 36. g4 Nf6 37. Qg2 Bh4 38. Qh3 Qg5 39. Re2 e4 40. Nc6 exf3 41. Qxf3 Rde8 42. h3 Rxe2 43. Bxe2 Re8 44. Rd3 Ne4 45. Kg2 Nf2 46. Nb4 Nxd3 47. Qxd3 Re3 48. Qd4+ Qe5 49. Bf3 Qxd4 50. cxd4 a5 0-1